000 00615nam a2200181Ia 4500
008 100920s9999 xx 000 0 und d
082 _b59910
_a--- थ 93
100 _aकर्णिक मधुमंगेश.
245 _aपुण्याई / भोवरा.
260 _bनवचैतन्य प्रकाशन, मुंबई.
_c1993
300 _a128
_bसाधी
365 _b50
520 _aकादंबरी.
630 _aपुण्याई / भोवरा.
650 _aकादंबरी.
730 _aपुण्याई / भोवरा.
942 _cBOOK
999 _c703256
_d703253